000 00945nam a22002057a 4500
005 20110901101410.0
010 _aG-001134
020 _a
_c20.00
035 _aG-001134
037 _bउपहार
082 _a
100 _aपद्म शास्त्री
_934043
245 _aशान्ति कैसे मिलती है /
_cपद्म शास्त्री
260 _aजयपुर
_bनिकिता प्रकाशन गृह
_c2008
270 _aसतीजी की बगीची, मोती डूंगरी रोड़,
_bजयपुर
_e
_k
300 _a24पृ.
_bसचित्र
_c22 सेमी (अजिल्द)
942 _2ddc
_cCH
_h
_mपद्मशा
999 _c56123
_d56123